<?xml version="1.0" encoding="UTF-8"?>
<record
    xmlns:xsi="http://www.w3.org/2001/XMLSchema-instance"
    xsi:schemaLocation="http://www.loc.gov/MARC21/slim http://www.loc.gov/standards/marcxml/schema/MARC21slim.xsd"
    xmlns="http://www.loc.gov/MARC21/slim">

  <leader>02919nam a22002297a 4500</leader>
  <controlfield tag="005">20260428100730.0</controlfield>
  <controlfield tag="008">260428b        |||||||| |||| 00| 0 eng d</controlfield>
  <datafield tag="020" ind1=" " ind2=" ">
    <subfield code="a">9789384961893</subfield>
  </datafield>
  <datafield tag="040" ind1=" " ind2=" ">
    <subfield code="c">AL</subfield>
  </datafield>
  <datafield tag="041" ind1=" " ind2=" ">
    <subfield code="a">eng</subfield>
  </datafield>
  <datafield tag="082" ind1=" " ind2=" ">
    <subfield code="a">342</subfield>
    <subfield code="b">DSOW</subfield>
  </datafield>
  <datafield tag="100" ind1=" " ind2=" ">
    <subfield code="a">June L Dsouza</subfield>
    <subfield code="9">262970</subfield>
  </datafield>
  <datafield tag="245" ind1=" " ind2=" ">
    <subfield code="a">World constitutions</subfield>
  </datafield>
  <datafield tag="260" ind1=" " ind2=" ">
    <subfield code="a">Allahabad</subfield>
    <subfield code="b">Central Law Publications</subfield>
    <subfield code="c">2023</subfield>
  </datafield>
  <datafield tag="300" ind1=" " ind2=" ">
    <subfield code="a">xii,1024p</subfield>
    <subfield code="b">PB</subfield>
    <subfield code="c">24x15.5cm</subfield>
  </datafield>
  <datafield tag="365" ind1=" " ind2=" ">
    <subfield code="2">Law</subfield>
    <subfield code="a">1368</subfield>
    <subfield code="b">&#x20B9;622.50</subfield>
    <subfield code="c">&#x20B9;</subfield>
    <subfield code="d">&#x20B9;830.00</subfield>
    <subfield code="e">25%</subfield>
  </datafield>
  <datafield tag="520" ind1=" " ind2=" ">
    <subfield code="a">'World Constitutions: Constitutional Texts and Comparative Study' is a unique endeavour to place before the reader a total of 196 Constitutions of countries spanning the globe, in order for the reader to have an easy reference guide to world constitutions. This book will serve as a tremendously useful tool for legal professionals, constitutional researchers and students of Constitutional Law; especially those who wish to research the subject of Comparative Constitutionalism. It may also serve judges, lawyers and academicians in research and reference work. Each Constitution is presented in 'Bare Act' form, with amendments listed up to the year of amendment and revision. There is also a brief description of the certain Constitution's vital aspects. Some of the merits, defects and lacunae of each Constitution are also set forth while introducing them to the reader. This will help the researcher to obtain an indication of which aspects of the constitutions to concentrate emphasis, proving a help in thesis research work of students. It is suggested that the student of Constitutionalism not only read the author's interpretation of the constitutional provisions of each Constitution but also read each Constitution entirely to make their personal inferences regarding the constitutional position of each nation. Some nation's constitutions are very small spanning a few pages while some run into hundreds. Each National Constitution defines the Country and its people. Therefore it is the most important single Act of Legislation, that a nation will ever undertake to give itself. This book also includes a study of the basic tenets of Constitutionalism. The book further sets forth important events in Constitutional history and subsequent  Constitutional development in various nations of the world. The concluding chapter deals with comparative constitutionalism from a researcher's perspective.
Contents
Chapter 1 : Introduction to World Constitutions
Chapter 2 : Basic Tenets of Constitutions of the World
Chapter 3 : Constitutional Texts of Selected Countries Constitution
Chapter 4 : Important Events in the Constitutional Development of Nations of the World
Chapter 5 : Conclusive Research on Comparative Constitutionalism</subfield>
  </datafield>
  <datafield tag="650" ind1=" " ind2=" ">
    <subfield code="a">Indian Constitution</subfield>
    <subfield code="9">262935</subfield>
  </datafield>
  <datafield tag="650" ind1=" " ind2=" ">
    <subfield code="a">Comparative Constitutionalism</subfield>
    <subfield code="9">262936</subfield>
  </datafield>
  <datafield tag="650" ind1=" " ind2=" ">
    <subfield code="a">Constitutional texts and comparative study</subfield>
    <subfield code="9">262969</subfield>
  </datafield>
  <datafield tag="942" ind1=" " ind2=" ">
    <subfield code="2">ddc</subfield>
    <subfield code="c">BK</subfield>
  </datafield>
  <datafield tag="999" ind1=" " ind2=" ">
    <subfield code="c">241369</subfield>
    <subfield code="d">241369</subfield>
  </datafield>
  <datafield tag="952" ind1=" " ind2=" ">
    <subfield code="0">0</subfield>
    <subfield code="1">0</subfield>
    <subfield code="2">ddc</subfield>
    <subfield code="4">0</subfield>
    <subfield code="7">0</subfield>
    <subfield code="8">Law</subfield>
    <subfield code="a">LL</subfield>
    <subfield code="b">LL</subfield>
    <subfield code="d">2026-04-23</subfield>
    <subfield code="e">MPP House Bengaluru-560009</subfield>
    <subfield code="g">622.50</subfield>
    <subfield code="l">0</subfield>
    <subfield code="o">342 DSOW</subfield>
    <subfield code="p">LL002745</subfield>
    <subfield code="r">2026-04-28 09:22:14</subfield>
    <subfield code="v">830.00</subfield>
    <subfield code="w">2026-03-21</subfield>
    <subfield code="y">BK</subfield>
  </datafield>
  <datafield tag="952" ind1=" " ind2=" ">
    <subfield code="0">0</subfield>
    <subfield code="1">0</subfield>
    <subfield code="2">ddc</subfield>
    <subfield code="4">0</subfield>
    <subfield code="7">0</subfield>
    <subfield code="8">Law</subfield>
    <subfield code="a">LL</subfield>
    <subfield code="b">LL</subfield>
    <subfield code="d">2026-04-23</subfield>
    <subfield code="e">MPP House Bengaluru-560009</subfield>
    <subfield code="g">622.50</subfield>
    <subfield code="l">0</subfield>
    <subfield code="o">342 DSOW</subfield>
    <subfield code="p">LL002746</subfield>
    <subfield code="r">2026-04-28 09:22:14</subfield>
    <subfield code="v">830.00</subfield>
    <subfield code="w">2026-03-21</subfield>
    <subfield code="y">BK</subfield>
  </datafield>
  <datafield tag="952" ind1=" " ind2=" ">
    <subfield code="0">0</subfield>
    <subfield code="1">0</subfield>
    <subfield code="2">ddc</subfield>
    <subfield code="4">0</subfield>
    <subfield code="7">0</subfield>
    <subfield code="8">Law</subfield>
    <subfield code="a">LL</subfield>
    <subfield code="b">LL</subfield>
    <subfield code="d">2026-04-23</subfield>
    <subfield code="e">MPP House Bengaluru-560009</subfield>
    <subfield code="g">622.50</subfield>
    <subfield code="l">0</subfield>
    <subfield code="o">342 DSOW</subfield>
    <subfield code="p">LL002747</subfield>
    <subfield code="r">2026-04-28 09:22:14</subfield>
    <subfield code="v">830.00</subfield>
    <subfield code="w">2026-03-21</subfield>
    <subfield code="y">BK</subfield>
  </datafield>
</record>
